00309nam a2200121Ia 4500100001800000650002700018654003300045245004000078260003900118082001000157300000800167546001200175 aBhargava/N.N  aElectrical Engineering aElectronics & Liner Circuits aBasic Electronics & Liner Circuits bTata Mc Graw hillaNew Delhic1987 a621.3 a490 aENGLISH